000 00304nam a2200121Ia 4500
008 190216s9999||||xx |||||||||||||| ||und||
100 _aPaul Verghese C
245 0 _aProse Selections From Modern Writing
260 _bMacmillan India Ltd
_c1982
300 _a87p
650 _aEnglish Prose
942 _cBK
999 _c13217
_d13217